LEADER 01915oam 2200493M 450 001 9910716358203321 005 20200213070604.6 035 $a(CKB)5470000002520553 035 $a(OCoLC)1065929152 035 $a(OCoLC)995470000002520553 035 $a(EXLCZ)995470000002520553 100 $a20071213d1926 ua 0 101 0 $aeng 135 $aurcn||||||||| 181 $ctxt$2rdacontent 182 $cc$2rdamedia 183 $acr$2rdacarrier 200 10$aGranting consent to an amendment to the constitution of the State of New Mexico. May 17, 1926. -- Committed to the Committee of the Whole House on the State of the Union and ordered to be printed 210 1$a[Washington, D.C.] :$c[U.S. Government Printing Office],$d1926. 215 $a1 online resource (2 pages) 225 1 $aHouse report / 69th Congress, 1st session. House ;$vno. 1232 225 1 $a[United States congressional serial set] ;$v[serial no. 8534] 300 $aBatch processed record: Metadata reviewed, not verified. Some fields updated by batch processes. 300 $aFDLP item number not assigned. 606 $aConstitutional amendments 606 $aLand grants 606 $aMineral lands 606 $aRevenue sharing 606 $aConstitutions 608 $aLegislative materials.$2lcgft 615 0$aConstitutional amendments. 615 0$aLand grants. 615 0$aMineral lands. 615 0$aRevenue sharing. 615 0$aConstitutions. 701 $aDriver$b William Joshua$f1873-1948$pDemocrat (AR)$01386184 801 0$bWYU 801 1$bWYU 801 2$bOCLCO 801 2$bOCLCQ 906 $aBOOK 912 $a9910716358203321 996 $aGranting consent to an amendment to the constitution of the State of New Mexico. May 17, 1926. -- Committed to the Committee of the Whole House on the State of the Union and ordered to be printed$93483012 997 $aUNINA LEADER 04394nam 2201057 450 001 9910786771703321 005 20230803203832.0 010 $a0-520-95856-X 024 7 $a10.1525/9780520958562 035 $a(CKB)3710000000204340 035 $a(EBL)1711025 035 $a(SSID)ssj0001289360 035 $a(PQKBManifestationID)12568680 035 $a(PQKBTitleCode)TC0001289360 035 $a(PQKBWorkID)11326783 035 $a(PQKB)11483411 035 $a(StDuBDS)EDZ0001535477 035 $a(MiAaPQ)EBC1711025 035 $a(OCoLC)966768273 035 $a(MdBmJHUP)muse52243 035 $a(DE-B1597)518996 035 $a(OCoLC)1086547952 035 $a(DE-B1597)9780520958562 035 $a(Au-PeEL)EBL1711025 035 $a(CaPaEBR)ebr10899638 035 $a(CaONFJC)MIL631982 035 $a(OCoLC)888201800 035 $a(EXLCZ)993710000000204340 100 $a20140811h20142014 uy 0 101 0 $aeng 135 $aur|nu---|u||u 181 $ctxt 182 $cc 183 $acr 200 10$aMosquito trails $eecology, health, and the politics of entanglement /$fAlex M. Nading 210 1$aOakland, California :$cUniversity of California Press,$d2014. 210 4$dİ2014 215 $a1 online resource (288 p.) 300 $aDescription based upon print version of record. 311 0 $a0-520-28262-0 311 0 $a0-520-28261-2 320 $aIncludes bibliographical references and index. 327 $tFront matter --$tContents --$tList of Illustrations --$tAcknowledgments --$tGuide to Acronyms --$tIntroduction: Dengue in the Landscape --$tOne. City of Emergencies --$tTwo. Patrons, Clients, and Parasites --$tThree. House holding and Evangelical Ecology --$tFour. Mosquitos, Madres, y Moradores --$tFive. Stories of Surveillance and Participation --$tSix. Dengue Season in the City of Emergencies --$tConclusion --$tNotes --$tBibliography --$tIndex 330 $aDengue fever is the world's most prevalent mosquito-borne illness, but Alex Nading argues that people in dengue-endemic communities do not always view humans and mosquitoes as mortal enemies. Drawing on two years of ethnographic research in urban Nicaragua and challenging current global health approaches to animal-borne illness, Mosquito Trails tells the story of a group of community health workers who struggle to come to terms with dengue epidemics amid poverty, political change, and economic upheaval. Blending theory from medical anthropology, political ecology, and science and technology studies, Nading develops the concept of "the politics of entanglement" to describe how Nicaraguans strive to remain alive to the world around them despite global health strategies that seek to insulate them from their environments. This innovative ethnography illustrates the continued significance of local environmental histories, politics, and household dynamics to the making and unmaking of a global pandemic. 606 $aDengue 606 $aDengue viruses 607 $aNicaragua 610 $aanimal borne illness. 610 $acommunity health workers. 610 $adengue endemic communities. 610 $adengue fever. 610 $adengue virus. 610 $adiagnosis. 610 $adisease. 610 $aeconomic change. 610 $aethnographic research. 610 $aexperiments. 610 $afever. 610 $aglobal health. 610 $aglobal pandemic. 610 $ahealth care. 610 $ahigh fever. 610 $aillness. 610 $amedical anthropology. 610 $amedical conditions. 610 $amedical. 610 $amosquito borne disease. 610 $amosquito. 610 $apolitical change. 610 $apolitical ecology. 610 $apoverty. 610 $ascience and math. 610 $ascience. 610 $askin rash. 610 $atechnology. 610 $athe politics of entanglement. 610 $atheoretical. 610 $atropical disease. 610 $aurban nicaragua. 610 $avirus. 615 0$aDengue. 615 0$aDengue viruses. 676 $a614.5/8852097285 700 $aNading$b Alexander M.$cIII,$f1979-$01504218 801 0$bMiAaPQ 801 1$bMiAaPQ 801 2$bMiAaPQ 906 $aBOOK 912 $a9910786771703321 996 $aMosquito trails$93733097 997 $aUNINA